| 000 | 00419nam a22001697a 4500 | ||
|---|---|---|---|
| 003 | OSt | ||
| 005 | 20211229093535.0 | ||
| 008 | 211229b |||||||| |||| 00| 0 eng d | ||
| 040 | _cHU | ||
| 082 | _a005.133 | ||
| 100 |
_aGaddis Tony _925051 |
||
| 245 | _aStarting Out With C++ Form Control Structures Through Objects | ||
| 250 | _a6th ed | ||
| 260 |
_aNew York _bNew York |
||
| 300 | _f1217 | ||
| 942 |
_2ddc _cBOOKS _n0 |
||
| 999 |
_c24811 _d24811 |
||